000 00275nam a2200121Ia 4500
008 211105s9999 xx 000 0 und d
020 _aVYASA09831
100 _aVidyasagar
245 0 _aPraniniya Shiksha
250 _a\N
260 _bmotilal banarsidass
_c\N
300 _a76p.
999 _c7230
_d7230